000 00522nam a2200157Ia 4500
008 090711s9999 xx 000 0 und d
082 _b33547
100 _aदत्ता केशव
245 _aरात्र थोडी सोंगे फार
260 _c1973
600 _aदत्ता केशव
630 _aरात्र थोडी सोंगे फार
700 _aदत्ता केशव
730 _aरात्र थोडी सोंगे फार
942 _cBOOK
999 _c305906
_d305906